| 000 | 00419 a2200169 4500 | ||
|---|---|---|---|
| 999 |
_c531530 _d531530 |
||
| 001 | 86972 | ||
| 003 | NUST | ||
| 005 | 20191018103710.0 | ||
| 008 | 180124b xxu||||| |||| 00| 0 eng d | ||
| 038 | _aMSOHAIL | ||
| 082 | _a923.2 IMR | ||
| 100 |
_aImran Khan _99287 |
||
| 245 |
_aPakistan,A Personal History _hEnglish |
||
| 260 |
_aLondon _bBantam Books _c2012 |
||
| 300 | _a432p | ||
| 942 |
_aCAE NUST _cBK _k923.2 IMR _2ddc |
||